[Event "WCO 2016"]
[Site "?"]
[Date "2016.09.09"]
[Round "7"]
[Board "12"]
[WhiteID "1802887"]
[White "Sivarajasingam Shayanna"]
[BlackID "1932543"]
[Black "Silva Ana Ines Teixeira Da"]
[Result "1/2-1/2"]
[BlackElo "1855"]
[WhiteElo "1687"]
[LiveChessVersion "1.4.8"]

1. e4 {[%clk 1:30:57]} c6 {[%clk 1:30:50]} 2. d4 {[%clk 1:31:24]} d5
{[%clk 1:31:14]} 3. Nc3 {[%clk 1:31:50]} dxe4 {[%clk 1:31:35]} 4. Nxe4
{[%clk 1:32:17]} Nd7 {[%clk 1:31:57]} 5. Ng5 {[%clk 1:32:39]} Ngf6
{[%clk 1:32:12]} 6. Bc4 {[%clk 1:33:02]} e6 {[%clk 1:32:33]} 7. Qe2
{[%clk 1:33:24]} Nb6 {[%clk 1:32:49]} 8. Bd3 {[%clk 1:33:46]} h6 {[%clk 1:33:08]}
9. N5f3 {[%clk 1:33:53]} c5 {[%clk 1:32:35]} 10. dxc5 {[%clk 1:32:43]} Bxc5
{[%clk 1:30:04]} 11. Ne5 {[%clk 1:31:44]} Nbd7 {[%clk 1:25:21]} 12. Ngf3
{[%clk 1:28:41]} Nd5 {[%clk 1:19:09]} 13. Nxd7 {[%clk 1:13:02]} Bxd7
{[%clk 1:17:19]} 14. a3 {[%clk 1:06:29]} O-O {[%clk 1:06:47]} 15. c4
{[%clk 1:02:07]} Nf6 {[%clk 0:58:48]} 16. b4 {[%clk 1:00:36]} Bd6
{[%clk 0:50:35]} 17. Bb2 {[%clk 0:58:47]} b6 {[%clk 0:42:17]} 18. O-O
{[%clk 0:55:35]} Re8 {[%clk 0:36:57]} 19. Rad1 {[%clk 0:52:58]} Be7
{[%clk 0:17:51]} 20. Bc2 {[%clk 0:42:35]} Qc7 {[%clk 0:13:07]} 21. Ne5
{[%clk 0:07:46]} Red8 {[%clk 0:07:10]} 22. Rd2 {[%clk 0:05:29]} Rac8
{[%clk 0:05:31]} 23. Rfd1 {[%clk 0:04:29]} Be8 {[%clk 0:04:06]} 24. Rxd8
{[%clk 0:02:08]} Rxd8 {[%clk 0:04:23]} 25. Rxd8 {[%clk 0:01:35]} Qxd8
{[%clk 0:04:33]} 26. Qd3 {[%clk 0:01:40]} Qxd3 {[%clk 0:03:52]} 27. Bxd3
{[%clk 0:02:05]} Ba4 {[%clk 0:02:55]} 28. Kf1 {[%clk 0:01:26]} Nd7
{[%clk 0:02:27]} 29. Nxd7 {[%clk 0:01:12]} Bxd7 {[%clk 0:02:52]} 30. Be5
{[%clk 0:01:18]} a5 {[%clk 0:02:21]} 31. Bc7 {[%clk 0:00:49]} axb4
{[%clk 0:02:23]} 32. axb4 {[%clk 0:01:13]} Bxb4 {[%clk 0:02:29]} 33. Bxb6
{[%clk 0:01:39]} Bc6 {[%clk 0:02:39]} 34. f3 {[%clk 0:01:35]} Kf8
{[%clk 0:02:23]} 35. Ke2 {[%clk 0:01:41]} Ke7 {[%clk 0:02:45]} 36. c5
{[%clk 0:01:52]} Kd7 {[%clk 0:02:30]} 37. Ke3 {[%clk 0:02:04]} Bc3
{[%clk 0:02:42]} 38. Be4 {[%clk 0:01:01]} Bxe4 {[%clk 0:01:46]} 39. Kxe4
{[%clk 0:01:26]} f5+ {[%clk 0:01:26]} 40. Kd3 {[%clk 0:31:32]} Be5
{[%clk 0:31:49]} 41. g3 {[%clk 0:30:09]} Kc6 {[%clk 0:28:39]} 42. Kc4
{[%clk 0:26:13]} Bf6 {[%clk 0:27:36]} 43. Ba5 {[%clk 0:23:33]} Be7
{[%clk 0:27:48]} 44. Bb6 {[%clk 0:22:53]} e5 {[%clk 0:26:48]} 45. Ba7
{[%clk 0:22:29]} g5 {[%clk 0:24:56]} 46. Bb8 {[%clk 0:19:54]} Bxc5
{[%clk 0:20:48]} 1/2-1/2

[Event "WCO 2016"]
[Site "?"]
[Date "2016.09.09"]
[Round "7"]
[Board "13"]
[WhiteID "8200521"]
[White "dos Ramos Rosangela"]
[BlackID "14300818"]
[Black "Frick Denise"]
[Result "1-0"]
[BlackElo "1803"]
[WhiteElo "1821"]
[LiveChessVersion "1.4.8"]

1. e4 {[%clk 1:30:55]} c5 {[%clk 1:30:54]} 2. Nc3 {[%clk 1:31:15]} a6
{[%clk 1:31:10]} 3. Nge2 {[%clk 1:31:20]} Nc6 {[%clk 1:31:32]} 4. g3
{[%clk 1:31:41]} g6 {[%clk 1:31:12]} 5. Bg2 {[%clk 1:32:06]} Bg7 {[%clk 1:31:36]}
6. d3 {[%clk 1:32:05]} e6 {[%clk 1:31:31]} 7. O-O {[%clk 1:31:48]} Nge7
{[%clk 1:31:45]} 8. Be3 {[%clk 1:31:24]} Nd4 {[%clk 1:29:39]} 9. Qd2
{[%clk 1:27:58]} O-O {[%clk 1:25:02]} 10. f4 {[%clk 1:25:10]} d5 {[%clk 1:18:04]}
11. Rab1 {[%clk 1:22:12]} Rb8 {[%clk 1:04:36]} 12. Kh1 {[%clk 1:15:37]} b5
{[%clk 0:53:31]} 13. Nd1 {[%clk 1:10:49]} Nxe2 {[%clk 0:47:42]} 14. Qxe2
{[%clk 1:11:13]} d4 {[%clk 0:43:29]} 15. Bd2 {[%clk 1:10:25]} Qc7
{[%clk 0:38:24]} 16. b3 {[%clk 1:08:31]} Bb7 {[%clk 0:28:45]} 17. Nf2
{[%clk 1:04:13]} Rfc8 {[%clk 0:20:27]} 18. g4 {[%clk 0:51:24]} Nc6
{[%clk 0:13:36]} 19. g5 {[%clk 0:30:19]} f5 {[%clk 0:12:01]} 20. gxf6
{[%clk 0:24:25]} Bxf6 {[%clk 0:12:04]} 21. Bh3 {[%clk 0:24:00]} Qe7
{[%clk 0:10:46]} 22. Rg1 {[%clk 0:18:45]} Kh8 {[%clk 0:10:27]} 23. Ng4
{[%clk 0:15:37]} Bg7 {[%clk 0:10:39]} 24. a3 {[%clk 0:14:10]} a5 {[%clk 0:10:52]}
25. Qe1 {[%clk 0:13:18]} Ra8 {[%clk 0:09:41]} 26. Qf2 {[%clk 0:05:38]} Rf8
{[%clk 0:07:09]} 27. Qg3 {[%clk 0:05:42]} c4 {[%clk 0:05:21]} 28. Ne5
{[%clk 0:04:06]} Nxe5 {[%clk 0:04:58]} 29. fxe5 {[%clk 0:04:32]} cxb3
{[%clk 0:04:18]} 30. Rxb3 {[%clk 0:03:15]} Bc6 {[%clk 0:04:03]} 31. Bg4
{[%clk 0:02:52]} Bd7 {[%clk 0:03:53]} 32. Be2 {[%clk 0:01:27]} Qc5
{[%clk 0:03:56]} 33. Bd1 {[%clk 0:01:10]} Bxe5 {[%clk 0:04:12]} 34. Qh4
{[%clk 0:01:08]} Be8 {[%clk 0:03:57]} 35. Qh3 {[%clk 0:01:16]} Qe7
{[%clk 0:03:46]} 36. Bg5 {[%clk 0:00:59]} Qf7 {[%clk 0:03:45]} 37. Bg4
{[%clk 0:00:58]} Bd7 {[%clk 0:03:38]} 38. Rbb1 {[%clk 0:00:53]} Rae8
{[%clk 0:01:28]} 39. Rgf1 {[%clk 0:01:12]} Qg8 {[%clk 0:01:25]} 40. Qh4
{[%clk 0:30:38]} Rxf1+ {[%clk 0:30:43]} 41. Rxf1 {[%clk 0:31:03]} Rf8
{[%clk 0:24:58]} 42. Bf6+ {[%clk 0:17:59]} Bxf6 {[%clk 0:24:59]} 43. Rxf6
{[%clk 0:18:23]} Qg7 {[%clk 0:23:55]} 44. e5 {[%clk 0:16:20]} g5 {[%clk 0:18:50]}
45. Qf2 {[%clk 0:15:29]} Rxf6 {[%clk 0:12:58]} 46. exf6 {[%clk 0:15:56]} Qf7
{[%clk 0:10:40]} 47. Qxd4 {[%clk 0:16:11]} Bc6+ {[%clk 0:10:21]} 48. Kg1
{[%clk 0:16:36]} h5 {[%clk 0:09:25]} 49. Bxh5 {[%clk 0:14:14]} Qd7
{[%clk 0:07:06]} 50. Qxd7 {[%clk 0:05:03]} Bxd7 {[%clk 0:07:33]} 51. c3
{[%clk 0:05:28]} e5 {[%clk 0:05:53]} 52. Kf2 {[%clk 0:04:28]} Kg8
{[%clk 0:06:18]} 53. Bg6 {[%clk 0:01:51]} Kf8 {[%clk 0:06:05]} 54. Kf3
{[%clk 0:01:52]} Bc6+ {[%clk 0:02:21]} 55. Kg4 {[%clk 0:02:01]} Bd5
{[%clk 0:02:31]} 56. Kxg5 {[%clk 0:01:55]} Be6 {[%clk 0:02:57]} 57. h4 1-0

[Event "WCO 2016"]
[Site "?"]
[Date "2016.09.09"]
[Round "7"]
[Board "14"]
[WhiteID "14300800"]
[White "Laubscher Anzel"]
[BlackID "8201200"]
[Black "Adhin Anviti"]
[Result "1-0"]
[BlackElo "1616"]
[WhiteElo "1814"]
[LiveChessVersion "1.4.8"]

1. d4 {[%clk 1:30:55]} Nf6 {[%clk 1:30:52]} 2. c4 {[%clk 1:31:21]} e6
{[%clk 1:31:11]} 3. Nf3 {[%clk 1:31:36]} b6 {[%clk 1:31:27]} 4. e3
{[%clk 1:31:48]} Bb7 {[%clk 1:31:38]} 5. Bd3 {[%clk 1:32:03]} Be7
{[%clk 1:30:52]} 6. O-O {[%clk 1:31:52]} O-O {[%clk 1:31:10]} 7. Nc3
{[%clk 1:31:29]} d5 {[%clk 1:28:33]} 8. cxd5 {[%clk 1:29:05]} Nxd5
{[%clk 1:26:23]} 9. e4 {[%clk 1:26:23]} Nxc3 {[%clk 1:25:33]} 10. bxc3
{[%clk 1:26:44]} c5 {[%clk 1:23:58]} 11. Rb1 {[%clk 1:12:11]} Nd7
{[%clk 1:18:53]} 12. Re1 {[%clk 1:02:08]} Qc7 {[%clk 1:11:39]} 13. e5
{[%clk 0:55:49]} Rfd8 {[%clk 1:01:02]} 14. Ng5 {[%clk 0:47:03]} Nf8
{[%clk 0:54:20]} 15. Qh5 {[%clk 0:42:42]} Bxg5 {[%clk 0:54:37]} 16. Bxg5
{[%clk 0:42:38]} Rd7 {[%clk 0:46:27]} 17. Re3 {[%clk 0:37:46]} h6
{[%clk 0:38:27]} 18. Rh3 {[%clk 0:32:07]} f5 {[%clk 0:35:30]} 19. exf6
{[%clk 0:31:06]} Rf7 {[%clk 0:17:53]} 20. fxg7 {[%clk 0:16:11]} Rxg7
{[%clk 0:17:50]} 21. Qxh6 {[%clk 0:15:14]} cxd4 {[%clk 0:10:05]} 22. Rh4
{[%clk 0:10:36]} e5 {[%clk 0:07:29]} 23. cxd4 {[%clk 0:08:36]} Qd7
{[%clk 0:03:44]} 24. Bc4+ {[%clk 0:04:23]} Bd5 {[%clk 0:02:39]} 25. dxe5
{[%clk 0:01:11]} Ne6 {[%clk 0:01:17]} 26. Qh8+ {[%clk 0:01:04]} Kf7
{[%clk 0:01:43]} 27. Qh5+ {[%clk 0:01:06]} Kg8 {[%clk 0:01:33]} 28. Rd1
{[%clk 0:01:03]} Rxg5 {[%clk 0:01:23]} 29. Qh8+ {[%clk 0:01:07]} Kf7
{[%clk 0:01:44]} 30. Rh7+ {[%clk 0:01:13]} Rg7 {[%clk 0:02:02]} 31. Rxg7+
{[%clk 0:01:34]} Nxg7 {[%clk 0:01:28]} 32. Qxa8 {[%clk 0:01:35]} Qa4
{[%clk 0:00:45]} 33. Qxd5+ {[%clk 0:01:31]} Ke8 {[%clk 0:00:37]} 34. Qf7# 1-0

[Event "WCO 2016"]
[Site "?"]
[Date "2016.09.09"]
[Round "7"]
[Board "15"]
[WhiteID "8200335"]
[White "Frijde Reyna"]
[BlackID "14312336"]
[Black "February Jesse Nikki"]
[Result "0-1"]
[BlackElo "1922"]
[WhiteElo "1605"]
[LiveChessVersion "1.4.8"]

1. d4 {[%clk 1:30:54]} Nf6 {[%clk 1:30:52]} 2. c4 {[%clk 1:31:15]} e6
{[%clk 1:30:56]} 3. Nc3 {[%clk 1:31:24]} d5 {[%clk 1:31:03]} 4. e3
{[%clk 1:31:48]} c6 {[%clk 1:31:21]} 5. Nf3 {[%clk 1:31:58]} Nbd7
{[%clk 1:31:14]} 6. Bd3 {[%clk 1:30:11]} a6 {[%clk 1:30:54]} 7. a3
{[%clk 1:28:20]} dxc4 {[%clk 1:30:00]} 8. Bxc4 {[%clk 1:28:40]} b5
{[%clk 1:30:18]} 9. Be2 {[%clk 1:27:14]} Bb7 {[%clk 1:28:54]} 10. b4
{[%clk 1:25:27]} Bd6 {[%clk 1:24:55]} 11. Bb2 {[%clk 1:23:57]} O-O
{[%clk 1:23:19]} 12. O-O {[%clk 1:24:12]} Rc8 {[%clk 1:19:56]} 13. Rc1
{[%clk 1:21:12]} Bb8 {[%clk 1:14:31]} 14. Bd3 {[%clk 1:04:43]} Qe7
{[%clk 0:57:59]} 15. Qe2 {[%clk 1:00:09]} e5 {[%clk 0:55:13]} 16. dxe5
{[%clk 0:56:01]} Nxe5 {[%clk 0:55:23]} 17. Ne4 {[%clk 0:47:57]} Nxe4
{[%clk 0:45:51]} 18. Bxe4 {[%clk 0:45:35]} Nc4 {[%clk 0:43:35]} 19. Bd3
{[%clk 0:42:33]} Nxb2 {[%clk 0:41:23]} 20. Qxb2 {[%clk 0:43:00]} c5
{[%clk 0:39:22]} 21. Be2 {[%clk 0:37:18]} c4 {[%clk 0:36:30]} 22. Rfd1
{[%clk 0:34:34]} Rfd8 {[%clk 0:35:17]} 23. Qc3 {[%clk 0:28:19]} f5
{[%clk 0:28:19]} 24. Qb2 {[%clk 0:21:51]} f4 {[%clk 0:25:48]} 25. exf4
{[%clk 0:18:09]} Bxf4 {[%clk 0:22:11]} 26. Rxd8+ {[%clk 0:18:12]} Rxd8
{[%clk 0:22:12]} 27. Rf1 {[%clk 0:14:30]} Rd2 {[%clk 0:10:57]} 28. Nxd2
{[%clk 0:11:08]} Qxe2 {[%clk 0:10:59]} 29. Nxc4 {[%clk 0:10:35]} Qxc4
{[%clk 0:10:23]} 30. Rd1 {[%clk 0:07:55]} Bc7 {[%clk 0:05:01]} 31. h3
{[%clk 0:05:45]} Qe4 {[%clk 0:01:31]} 32. f3 {[%clk 0:03:34]} Qe3+
{[%clk 0:01:29]} 33. Kf1 {[%clk 0:01:25]} Bb6 {[%clk 0:00:44]} 34. Qa2+
{[%clk 0:00:52]} Kh8 {[%clk 0:00:46]} 35. Re1 {[%clk 0:00:48]} Qg1+
{[%clk 0:00:45]} 36. Ke2 {[%clk 0:01:16]} Qxg2+ {[%clk 0:00:59]} 37. Kd1
{[%clk 0:01:12]} Qxa2 {[%clk 0:01:13]} 38. Re8+ {[%clk 0:01:40]} Qg8
{[%clk 0:01:36]} 39. Rxg8+ {[%clk 0:01:58]} Kxg8 {[%clk 0:02:02]} 0-1

[Event "WCO 2016"]
[Site "?"]
[Date "2016.09.09"]
[Round "7"]
[Board "16"]
[WhiteID "14305003"]
[White "Van Niekerk Lauren"]
[BlackID "8201340"]
[Black "Kaslan Alexandra"]
[Result "1-0"]
[BlackElo "1474"]
[WhiteElo "1643"]
[LiveChessVersion "1.4.8"]

1. d4 {[%clk 1:30:56]} Nf6 {[%clk 1:30:47]} 2. Nf3 {[%clk 1:31:12]} g6
{[%clk 1:30:56]} 3. c4 {[%clk 1:31:23]} d6 {[%clk 1:31:00]} 4. g3
{[%clk 1:30:56]} Bg7 {[%clk 1:30:46]} 5. Bg2 {[%clk 1:31:02]} c5 {[%clk 1:30:05]}
6. d5 {[%clk 1:25:38]} O-O {[%clk 1:28:45]} 7. Nc3 {[%clk 1:24:28]} e6
{[%clk 1:25:03]} 8. O-O {[%clk 1:20:08]} exd5 {[%clk 1:21:02]} 9. Nxd5
{[%clk 1:16:01]} Nc6 {[%clk 1:08:41]} 10. Bg5 {[%clk 1:04:27]} h6
{[%clk 1:04:48]} 11. Nxf6+ {[%clk 0:57:25]} Bxf6 {[%clk 1:04:58]} 12. Bxh6
{[%clk 0:55:45]} Bxb2 {[%clk 1:04:52]} 13. Bxf8 {[%clk 0:52:21]} Bxa1
{[%clk 0:55:25]} 14. Bxd6 {[%clk 0:51:24]} Bd4 {[%clk 0:49:13]} 15. Nxd4
{[%clk 0:46:02]} cxd4 {[%clk 0:48:48]} 16. c5 {[%clk 0:41:32]} Qa5
{[%clk 0:39:31]} 17. a4 {[%clk 0:17:45]} Qb4 {[%clk 0:28:22]} 18. Bd5
{[%clk 0:10:52]} Nd8 {[%clk 0:19:32]} 19. Qc2 {[%clk 0:08:38]} Bf5
{[%clk 0:18:42]} 20. Qc4 {[%clk 0:08:16]} Qxc4 {[%clk 0:15:57]} 21. Bxc4
{[%clk 0:08:28]} Be6 {[%clk 0:15:43]} 22. Bb5 {[%clk 0:06:03]} a6
{[%clk 0:14:46]} 23. Bd3 {[%clk 0:05:50]} Bd5 {[%clk 0:12:41]} 24. Rb1
{[%clk 0:04:59]} Ne6 {[%clk 0:11:38]} 25. Rb4 {[%clk 0:03:51]} a5
{[%clk 0:10:57]} 26. Rb2 {[%clk 0:03:48]} Rc8 {[%clk 0:10:46]} 27. Rb5
{[%clk 0:03:34]} Ra8 {[%clk 0:10:30]} 28. f3 {[%clk 0:02:37]} Bc6
{[%clk 0:10:49]} 29. Rb2 {[%clk 0:02:20]} Bxa4 {[%clk 0:06:16]} 30. Rxb7
{[%clk 0:02:38]} Bc6 {[%clk 0:06:17]} 31. Rb1 {[%clk 0:02:43]} a4
{[%clk 0:06:19]} 32. Bc4 {[%clk 0:02:33]} Nd8 {[%clk 0:05:48]} 33. Kf1
{[%clk 0:02:07]} Nb7 {[%clk 0:05:20]} 34. Be5 {[%clk 0:01:37]} Rd8
{[%clk 0:04:08]} 35. Bb5 {[%clk 0:01:03]} Na5 {[%clk 0:03:06]} 36. Bxc6
{[%clk 0:00:56]} Nxc6 {[%clk 0:03:19]} 37. Bf4 {[%clk 0:00:41]} a3
{[%clk 0:02:26]} 38. Ra1 {[%clk 0:00:42]} Ra8 {[%clk 0:02:37]} 39. Bd2
{[%clk 0:00:49]} Ne5 {[%clk 0:02:19]} 40. Ke1 {[%clk 0:30:43]} Nc4
{[%clk 0:32:16]} 41. Bc1 {[%clk 0:20:57]} Kf8 {[%clk 0:28:04]} 42. Kd1
{[%clk 0:19:03]} Ne3+ {[%clk 0:23:39]} 43. Kd2 {[%clk 0:16:12]} Ke8
{[%clk 0:22:37]} 44. Ra2 {[%clk 0:14:10]} Ra4 {[%clk 0:20:12]} 45. Kd3
{[%clk 0:12:36]} Kd7 {[%clk 0:15:50]} 46. Rxa3 {[%clk 0:10:17]} Rxa3+
{[%clk 0:14:50]} 47. Bxa3 {[%clk 0:10:42]} Nf1 {[%clk 0:14:04]} 48. Kxd4
{[%clk 0:09:45]} Nxh2 {[%clk 0:13:41]} 49. Kd5 {[%clk 0:09:23]} Nf1
{[%clk 0:13:52]} 50. c6+ {[%clk 0:09:35]} Kc7 {[%clk 0:13:35]} 51. Bd6+
{[%clk 0:09:58]} Kc8 {[%clk 0:13:52]} 52. g4 {[%clk 0:07:43]} Nd2
{[%clk 0:13:30]} 53. Bf4 {[%clk 0:06:42]} Nb3 {[%clk 0:12:39]} 54. e4
{[%clk 0:05:49]} Na1 {[%clk 0:10:52]} 55. Kd6 {[%clk 0:03:58]} Nc2
{[%clk 0:10:19]} 56. Be5 {[%clk 0:02:59]} Ne3 {[%clk 0:10:13]} 57. Ke7
{[%clk 0:02:55]} f5 {[%clk 0:09:25]} 58. gxf5 {[%clk 0:02:47]} gxf5
{[%clk 0:09:18]} 59. exf5 {[%clk 0:02:48]} Nxf5+ {[%clk 0:09:23]} 60. Kf6
{[%clk 0:03:09]} Ne3 {[%clk 0:09:22]} 61. f4 {[%clk 0:02:41]} Nd5+
{[%clk 0:08:33]} 62. Ke6 {[%clk 0:02:45]} Ne7 {[%clk 0:08:15]} 63. c7
{[%clk 0:02:49]} Ng6 {[%clk 0:07:10]} 64. f5 {[%clk 0:02:36]} Nf8+
{[%clk 0:06:43]} 65. Ke7 {[%clk 0:02:28]} Nd7 {[%clk 0:06:13]} 66. Bg3
{[%clk 0:02:40]} 1-0

[Event "WCO 2016"]
[Site "?"]
[Date "2016.09.09"]
[Round "7"]
[Board "13"]
[WhiteID "2503999"]
[White "Mirza Diana"]
[BlackID "3000575"]
[Black "Silva Rosas Natalia"]
[Result "1-0"]
[BlackElo "1812"]
[WhiteElo "1948"]
[LiveChessVersion "1.4.8"]

1. e4 {[%clk 1:30:57]} c5 {[%clk 1:30:47]} 2. Nf3 {[%clk 1:31:22]} e6
{[%clk 1:30:56]} 3. d3 {[%clk 1:31:47]} Nc6 {[%clk 1:30:55]} 4. g3
{[%clk 1:32:07]} Nge7 {[%clk 1:30:08]} 5. Bg2 {[%clk 1:32:01]} g6
{[%clk 1:29:55]} 6. O-O {[%clk 1:28:52]} Bg7 {[%clk 1:29:56]} 7. c3
{[%clk 1:28:51]} e5 {[%clk 1:28:01]} 8. Be3 {[%clk 1:26:33]} d6 {[%clk 1:27:58]}
9. a3 {[%clk 1:18:23]} Bg4 {[%clk 1:22:21]} 10. b4 {[%clk 1:13:46]} Bxf3
{[%clk 1:02:39]} 11. Bxf3 {[%clk 1:12:25]} cxb4 {[%clk 0:51:50]} 12. axb4
{[%clk 1:11:26]} d5 {[%clk 0:51:01]} 13. exd5 {[%clk 1:05:46]} Nxd5
{[%clk 0:51:10]} 14. Bc5 {[%clk 1:05:47]} b6 {[%clk 0:37:45]} 15. Qa4
{[%clk 0:53:46]} Rc8 {[%clk 0:29:40]} 16. c4 {[%clk 0:47:59]} e4 {[%clk 0:23:36]}
17. Bxe4 {[%clk 0:47:34]} Bxa1 {[%clk 0:23:31]} 18. Bxd5 {[%clk 0:42:37]} Qf6
{[%clk 0:20:43]} 19. Bxc6+ {[%clk 0:35:48]} Kd8 {[%clk 0:17:56]} 20. Bd6
{[%clk 0:22:32]} Qxd6 {[%clk 0:14:34]} 21. Qxa1 {[%clk 0:22:44]} Rf8
{[%clk 0:14:25]} 22. b5 {[%clk 0:20:37]} Rc7 {[%clk 0:14:02]} 23. Nc3
{[%clk 0:19:43]} f5 {[%clk 0:13:54]} 24. Nd5 {[%clk 0:19:19]} Rcf7
{[%clk 0:11:41]} 25. Re1 {[%clk 0:19:03]} f4 {[%clk 0:10:22]} 26. gxf4
{[%clk 0:14:38]} g5 {[%clk 0:09:40]} 27. Qe5 {[%clk 0:13:49]} Qxe5
{[%clk 0:07:42]} 28. fxe5 {[%clk 0:14:12]} Rc7 {[%clk 0:05:49]} 29. Nxc7
{[%clk 0:14:30]} Kxc7 {[%clk 0:06:14]} 30. e6 {[%clk 0:14:40]} 1-0

[Event "WCO 2016"]
[Site "?"]
[Date "2016.09.09"]
[Round "7"]
[Board "14"]
[WhiteID "3003000"]
[White "Larrea Daniela"]
[BlackID "2508214"]
[Black "O`Gorman Alice"]
[Result "1-0"]
[BlackElo "1781"]
[WhiteElo "1778"]
[LiveChessVersion "1.4.8"]

1. d4 {[%clk 1:30:55]} d5 {[%clk 1:30:51]} 2. c4 {[%clk 1:31:21]} e6
{[%clk 1:31:16]} 3. g3 {[%clk 1:31:45]} Nf6 {[%clk 1:31:14]} 4. Bg2
{[%clk 1:32:11]} Bb4+ {[%clk 1:31:10]} 5. Bd2 {[%clk 1:32:31]} Be7
{[%clk 1:31:28]} 6. Nf3 {[%clk 1:32:52]} O-O {[%clk 1:31:13]} 7. O-O
{[%clk 1:33:10]} c6 {[%clk 1:30:27]} 8. Qc2 {[%clk 1:32:14]} b6 {[%clk 1:27:25]}
9. Bf4 {[%clk 1:30:38]} Bb7 {[%clk 1:24:06]} 10. Nbd2 {[%clk 1:22:28]} Nbd7
{[%clk 1:19:30]} 11. e4 {[%clk 1:22:17]} dxe4 {[%clk 1:15:00]} 12. Nxe4
{[%clk 1:22:37]} Nxe4 {[%clk 1:13:54]} 13. Qxe4 {[%clk 1:23:01]} Nf6
{[%clk 1:13:38]} 14. Qe2 {[%clk 1:10:44]} c5 {[%clk 1:07:17]} 15. Rfd1
{[%clk 1:02:30]} Qe8 {[%clk 1:03:19]} 16. Ne5 {[%clk 0:57:58]} Bxg2
{[%clk 1:02:01]} 17. Kxg2 {[%clk 0:58:24]} cxd4 {[%clk 0:59:16]} 18. Rxd4
{[%clk 0:58:00]} Bc5 {[%clk 0:57:41]} 19. Rd3 {[%clk 0:53:18]} Rd8
{[%clk 0:51:51]} 20. Rad1 {[%clk 0:51:16]} Rxd3 {[%clk 0:51:18]} 21. Rxd3
{[%clk 0:50:33]} Qa8+ {[%clk 0:48:56]} 22. f3 {[%clk 0:50:13]} Rd8
{[%clk 0:45:16]} 23. Qd2 {[%clk 0:44:44]} Rxd3 {[%clk 0:39:50]} 24. Qxd3
{[%clk 0:44:56]} Qc8 {[%clk 0:35:02]} 25. b3 {[%clk 0:34:49]} h6 {[%clk 0:32:51]}
26. Kf1 {[%clk 0:26:08]} Kf8 {[%clk 0:26:13]} 27. Qd2 {[%clk 0:19:36]} g5
{[%clk 0:18:06]} 28. Be3 {[%clk 0:19:34]} Bxe3 {[%clk 0:18:16]} 29. Qxe3
{[%clk 0:20:00]} Qd8 {[%clk 0:16:32]} 30. Qd3 {[%clk 0:17:23]} Qc7
{[%clk 0:13:01]} 31. Qd4 {[%clk 0:15:30]} Kg7 {[%clk 0:07:53]} 32. Ng4
{[%clk 0:12:47]} Qe7 {[%clk 0:07:59]} 33. Ke2 {[%clk 0:11:49]} Kg6
{[%clk 0:06:29]} 34. Nxf6 {[%clk 0:11:50]} Qxf6 {[%clk 0:06:49]} 35. Qxf6+
{[%clk 0:08:17]} Kxf6 {[%clk 0:07:14]} 36. Ke3 {[%clk 0:08:33]} Ke5
{[%clk 0:07:09]} 37. b4 {[%clk 0:07:37]} f5 {[%clk 0:05:01]} 38. f4+
{[%clk 0:07:08]} gxf4+ {[%clk 0:04:41]} 39. gxf4+ {[%clk 0:07:34]} Kd6
{[%clk 0:04:26]} 40. Kd4 {[%clk 0:37:38]} a5 {[%clk 0:33:03]} 41. bxa5
{[%clk 0:34:22]} bxa5 {[%clk 0:33:26]} 42. c5+ {[%clk 0:34:48]} Kd7
{[%clk 0:28:14]} 43. Ke5 {[%clk 0:35:06]} a4 {[%clk 0:28:21]} 44. c6+
{[%clk 0:35:15]} Kxc6 {[%clk 0:28:24]} 45. Kxe6 {[%clk 0:35:40]} Kb5
{[%clk 0:28:34]} 46. Kxf5 {[%clk 0:36:03]} Kb4 {[%clk 0:28:59]} 47. Kg6
{[%clk 0:36:14]} Ka3 {[%clk 0:29:13]} 48. f5 {[%clk 0:36:39]} Kxa2
{[%clk 0:29:32]} 49. f6 {[%clk 0:37:06]} Kb1 {[%clk 0:28:50]} 50. f7
{[%clk 0:37:30]} a3 {[%clk 0:29:18]} 51. f8=Q {[%clk 0:37:47]} a2
{[%clk 0:29:40]} 52. Qf1+ {[%clk 0:37:44]} Kb2 {[%clk 0:29:58]} 53. Kxh6
{[%clk 0:36:21]} 1-0

[Event "WCO 2016"]
[Site "?"]
[Date "2016.09.09"]
[Round "7"]
[Board "15"]
[WhiteID "2501775"]
[White "Menon Jayadev Poornima"]
[BlackID "3003973"]
[Black "de San Vicente Sabrina"]
[Result "1-0"]
[BlackElo "1670"]
[WhiteElo "1837"]
[LiveChessVersion "1.4.8"]

1. d4 {[%clk 1:30:56]} d5 {[%clk 1:30:56]} 2. c4 {[%clk 1:31:22]} e6
{[%clk 1:31:13]} 3. Nf3 {[%clk 1:31:21]} c6 {[%clk 1:31:19]} 4. Nc3
{[%clk 1:31:25]} dxc4 {[%clk 1:31:02]} 5. a4 {[%clk 1:31:31]} Bb4
{[%clk 1:30:33]} 6. e3 {[%clk 1:31:42]} b5 {[%clk 1:30:15]} 7. Bd2
{[%clk 1:30:50]} a5 {[%clk 1:30:07]} 8. axb5 {[%clk 1:30:43]} Bxc3
{[%clk 1:30:05]} 9. Bxc3 {[%clk 1:30:53]} cxb5 {[%clk 1:30:11]} 10. b3
{[%clk 1:30:52]} Bb7 {[%clk 1:30:12]} 11. bxc4 {[%clk 1:30:50]} b4
{[%clk 1:30:04]} 12. Bb2 {[%clk 1:31:06]} Nf6 {[%clk 1:29:33]} 13. Bd3
{[%clk 1:30:27]} O-O {[%clk 1:28:12]} 14. O-O {[%clk 1:30:09]} Nbd7
{[%clk 1:27:41]} 15. Nd2 {[%clk 1:29:48]} Qc7 {[%clk 1:25:24]} 16. f4
{[%clk 1:25:25]} Rfd8 {[%clk 1:21:50]} 17. Qc2 {[%clk 1:08:49]} Qc6
{[%clk 1:11:05]} 18. e4 {[%clk 0:44:21]} a4 {[%clk 1:01:42]} 19. Rab1
{[%clk 0:32:11]} b3 {[%clk 1:00:42]} 20. Qc1 {[%clk 0:32:08]} Nc5
{[%clk 0:51:41]} 21. Be2 {[%clk 0:24:07]} Ncxe4 {[%clk 0:45:47]} 22. Nxe4
{[%clk 0:23:20]} Nxe4 {[%clk 0:45:08]} 23. Bf3 {[%clk 0:22:25]} Qc7
{[%clk 0:38:29]} 24. Ra1 {[%clk 0:19:22]} Rdc8 {[%clk 0:35:49]} 25. c5
{[%clk 0:16:13]} Nf6 {[%clk 0:35:06]} 26. Qc4 {[%clk 0:10:15]} Bxf3
{[%clk 0:34:24]} 27. Rxf3 {[%clk 0:09:57]} Qc6 {[%clk 0:32:47]} 28. f5
{[%clk 0:07:12]} exf5 {[%clk 0:27:08]} 29. Rxf5 {[%clk 0:06:27]} Rd8
{[%clk 0:23:15]} 30. Re5 {[%clk 0:02:53]} Qa6 {[%clk 0:16:19]} 31. Qc1
{[%clk 0:01:25]} Nd5 {[%clk 0:13:56]} 32. Ba3 {[%clk 0:01:20]} Qd3
{[%clk 0:12:16]} 33. Qd1 {[%clk 0:01:04]} Qxd1+ {[%clk 0:08:55]} 34. Rxd1
{[%clk 0:01:31]} Rab8 {[%clk 0:06:45]} 35. Bb2 {[%clk 0:01:19]} a3
{[%clk 0:03:03]} 36. Bxa3 {[%clk 0:01:35]} b2 {[%clk 0:01:38]} 37. Rb1
{[%clk 0:01:26]} Nc7 {[%clk 0:01:29]} 38. Rxb2 {[%clk 0:01:41]} Rxb2
{[%clk 0:00:38]} 39. Bxb2 {[%clk 0:02:09]} 1-0